| 000 | 00670nam a2200217 a 4500 | ||
|---|---|---|---|
| 001 | 000029319 | ||
| 003 | OSt | ||
| 005 | 20240412074254.0 | ||
| 008 | 110414s1942 dr r 000 0 spa d | ||
| 040 |
_aDO-SdBNP _bspa _cBNPHU |
||
| 082 | 4 |
_aRD861.42 _bM385d _222 |
|
| 100 | 1 |
_aMartínez Ruíz, Alquimedes _956204 |
|
| 245 | 1 | 0 |
_aDe mi horizonte / _cAlquímedes Martínez Ruíz. |
| 260 |
_aCiudad Trujillo, República Dominicana, : _bRoldan, _c1942. |
||
| 300 |
_a[15 p.] ; _c16 cm. |
||
| 590 | _aInventariado, 2018/ YL | ||
| 650 | 4 |
_aPoesía dominicana _977619 |
|
| 650 | 0 |
_aLiteratura dominicana. _967 |
|
| 910 | _aValidado. Control de calidad MFF | ||
| 942 |
_2ddc _cLBS1 |
||
| 999 |
_c28811 _d28811 |
||